| 000 | 00766nam a22002175i 4500 | ||
|---|---|---|---|
| 001 | 54639 | ||
| 003 | ES-MaACL | ||
| 005 | 20240510213342.0 | ||
| 007 | t| | ||
| 008 | 960725s1889 sp ||||1| spa d | ||
| 080 | _a336.1(460)"1868/85" | ||
| 100 | 1 |
_aFuentes, Anselmo. _952890 |
|
| 245 | 1 | 0 |
_aEspaña, su revolución y su restauración en el orden económico / _cAnselmo Fuentes. |
| 260 |
_aMadrid : _bLibrería de Fernando Fé, _c1889 ( _fEst. Tip. de Ricardo Fé) |
||
| 300 |
_a245 p. ; _c19 cm. |
||
| 530 | _aDisponible en formato digital. | ||
| 650 | 0 |
_aHacienda pública- _zEspaña- _yS.XIX _9227084 |
|
| 852 | 4 |
_aES-MaACL _jG-7848 |
|
| 856 | 4 |
_uhttp://bdh-rd.bne.es/viewer.vm?id=0000203773&page=1 _zBiblioteca Digital Hispánica |
|
| 999 |
_c54639 _d54639 |
||